|
|
|
|
| LEADER |
00000nab a2200000 a 4500 |
| 001 |
vtls000308899 |
| 003 |
SK-MaSNL |
| 005 |
20260318122209.0 |
| 008 |
240102c1986 xo 0 eng |
| 015 |
|
|
|a SNBRA19rr/mm-uuuuu
|
| 035 |
|
|
|a CL0319020
|
| 040 |
|
|
|a SNKBUCL
|b slo
|c SNKBUCL
|e AACR2
|
| 041 |
0 |
|
|a eng
|
| 044 |
|
|
|a xo
|c SK
|
| 080 |
|
|
|a 681.3.02:007
|2 1981
|
| 080 |
|
|
|a 007
|2 1981
|
| 100 |
1 |
|
|a Grigoras, Dan
|4 aut
|9 1154996
|
| 245 |
1 |
0 |
|a APS: An associative and parallel system for Artificial Intelligence
|c Dan Grigoras
|
| 300 |
|
|
|b Lit. 6 zázn. v angl.
|
| 650 |
0 |
7 |
|a systémy počítačové paralelné asociatívne
|2 snkbucl
|9 1510020
|
| 650 |
0 |
7 |
|a umelá inteligencia
|2 snkbucl
|9 1830
|
| 655 |
|
7 |
|a články zo zborníkov
|2 snkbucl
|9 166140
|
| 773 |
0 |
|
|t Sistemy obrabotki znanij i izobraženij 1
|d Bratislava : SAV, 1986
|
| 850 |
|
|
|a Slovenská národná knižnica v Martine
|a MTA001
|
| 852 |
|
|
|a SNK
|b KIS3GCP
|
| 958 |
|
|
|a NB
|
| 958 |
|
|
|a RK
|
| 958 |
|
|
|a RO
|
| 992 |
|
|
|a RZB
|
| 999 |
|
|
|c 3018062
|d 3019992
|